The Child, the Family, and the Outside World : (Record no. 604331)

MARC details
000 -LEADER
fixed length control field 00526nam a2200193 a 4500
008 - FIXED-LENGTH DATA ELEMENTS--GENERAL INFORMATION
fixed length control field 251223s1964##################000#0#eng##
020 ## - INTERNATIONAL STANDARD BOOK NUMBER
ISBN 9780140136586
082 04 - DEWEY DECIMAL CLASSIFICATION NUMBER
Classification number 649.1
Item number WIN
100 1# - MAIN ENTRY--AUTHOR NAME
Personal name Winnicott, Donald Woods,
245 10 - TITLE STATEMENT
Title The Child, the Family, and the Outside World :
260 ## - PUBLICATION, DISTRIBUTION, ETC. (IMPRINT)
Name of publisher Harmondsworth, Eng. : Penquin Books,
Year of publication 1964.
300 ## - PHYSICAL DESCRIPTION
Number of Pages 238 pages
650 #0 - SUBJECT ADDED ENTRY--TOPICAL TERM
Topical Term Child development.
942 ## - ADDED ENTRY ELEMENTS (KOHA)
Koha item type English Books
Holdings
Withdrawn status Lost status Damaged status Not for loan Home library Current library Shelving location Date acquired Full call number Accession Number Price effective from Koha item type
        Anna Centenary Library Anna Centenary Library 6TH FLOOR, A WING 23.12.2025 649.1 WIN 416165 23.12.2025 English Books

Find us on the map